[Event "Défi"]
[Site "www.echecsemail.com"]
[Date "2026.02.09"]
[Round "1"]
[White "Leredoutable"]
[Black "Burgman"]
[WhiteElo "1750"]
[BlackElo "2020"]
[Result "0-1"]
1.e4 e6
2.Ng1f3 d5
3.exd5 exd5
4.d4 Ng8f6
5.Bf1d3 c5
6.O-O Bf8e7
7.c3 O-O
8.Bc1f4 Bc8g4
9.Bd3e2 Nb8c6
10.Nb1d2 cxd4
11.cxd4 Rf8e8
12.Nd2b3 h6
13.Ra1c1 Qd8b6
14.Nf3e5 Bg4xe2
15.Qd1xe2 Nc6xd4
16.Nb3xd4 Qb6xd4
17.Bf4g3 Nf6e4
18.Rf1d1 Ne4xg3
19.hxg3 Qd4e4
20.Qe2xe4 dxe4
21.Rc1c7 Be7f6
22.Ne5xf7 Bf6xb2
23.Rd1b1 Bb2d4
24.Rb1xb7 e3
25.fxe3 Re8xe3
26.Kh2 Re3a3
27.Nf7d6 Ra3xa2
28.Nd6f5 Bd4e5
29.Kh3 Be5xc7
30.Rb7xc7 a5
31.Rc7xg7 Kh8
32.Rg7f7 Ra8a6
33.Rf7f8 Kh7
34.g4 a4
35.g3 Ra2a1
36.g5 hxg5
37.Kg4 a3
38.Kxg5 a2
39.Rf8f7 Kg8
40.Rf7g7 Kf8
41.Rg7h7 Ra1f1
42.Rh7h8 Kf7
43.Rh8h7 Ke8
44.Rh7h8 Kd7
45.Rh8h7 Kd8
46.Rh7h8 Kc7
47.Rh8h7 Kb8
48.g4 a1Q
{ abandon }0-1

[Event "Tournoi n27454"]
[Site "www.echecsemail.com"]
[Date "2026.02.09"]
[Round "1"]
[White "Verson"]
[Black "Tiounet"]
[WhiteElo "1820"]
[BlackElo "1650"]
[Result "1-0"]
1.d4 b5
2.Ng1f3 Bc8b7
3.e3 a6
4.Bf1d3 g6
5.O-O Bf8g7
6.Nb1d2 Ng8f6
7.e4 O-O
8.Rf1e1 d6
9.Nd2f1 Nb8d7
10.Bc1g5 Rf8e8
11.Qd1d2 Qd8c8
12.Bg5h6 Bg7h8
13.c3 Nf6g4
14.h3 Ng4xh6
15.Qd2xh6 Bh8g7
16.Qh6h4 Nd7f6
17.Nf1d2 c5
18.Nf3g5 h5
19.e5 dxe5
20.dxe5 Nf6d5
21.e6 f6
22.Ng5f7 g5
23.Qh4xh5 Nd5f4
24.Qh5h7 Kf8
25.Nf7h6 Bg7xh6
26.Qh7f7 1-0

[Event "Eq:Pirates du Mat-Les Rois du Succes :"]
[Site "www.echecsemail.com"]
[Date "2026.02.09"]
[Round "1"]
[White "Xhouks"]
[Black "Levelmax"]
[WhiteElo "2190"]
[BlackElo "2720"]
[Result "0-1"]
1.g3 e5
2.d3 d5
3.Ng1f3 Nb8c6
4.Bf1g2 a5
5.O-O Ng8f6
6.Bc1g5 Bf8e7
7.Nb1d2 h6
8.Bg5xf6 Be7xf6
9.h3 Bc8e6
10.c3 Qd8d7
11.Kh2 g5
12.e4 d4
13.c4 h5
14.Nf3g1 g4
15.f4 Qd7e7
16.f5 Be6d7
17.b3 b6
18.a3 O-O-O
19.Qd1e1 h4
{ abandon }0-1

[Event "Défi"]
[Site "www.echecsemail.com"]
[Date "2026.02.09"]
[Round "1"]
[White "Jenperlatete"]
[Black "Den"]
[WhiteElo "1850"]
[BlackElo "1900"]
[Result "1-0"]
1.d4 d5
2.Nb1c3 Bc8f5
3.Ng1f3 Nb8c6
4.a3 e6
5.Bc1f4 Ng8f6
6.e3 Bf8e7
7.Nf3h4 Bf5g4
8.f3 Bg4h5
9.g4 Nf6xg4
10.fxg4 Be7xh4
11.Bf4g3 Bh5g6
12.Qd1e2 Bg6xc2
13.Qe2xc2 e5
14.O-O-O Bh4g5
15.dxe5 Bg5xe3
16.Kb1 d4
17.Nc3b5 Qd8d5
18.Nb5xc7 Kd7
19.Nc7xd5 { abandon }1-0

[Event "Tournoi n27381"]
[Site "www.echecsemail.com"]
[Date "2026.02.09"]
[Round "1"]
[White "Verson"]
[Black "Voyageur"]
[WhiteElo "1870"]
[BlackElo "1650"]
[Result "1-0"]
1.d4 g6
2.Ng1f3 d6
3.e3 b6
4.Bf1d3 Bf8g7
5.O-O Nb8d7
6.e4 Bc8b7
7.Bc1e3 Ng8f6
8.Nb1d2 O-O
9.c3 Ra8c8
10.Rf1e1 c5
11.Ra1c1 cxd4
12.cxd4 d5
13.exd5 Nf6xd5
14.Nd2b3 e6
15.Qd1d2 b5
16.Bd3xb5 Nd7b6
17.Be3g5 f6
18.Bg5h4 g5
19.Bh4g3 a6
20.Bb5e2 Qd8e7
21.Nb3c5 Rc8c7
22.Nc5xb7 Rc7xb7
23.a3 Rf8c8
24.Be2xa6 Rc8xc1
25.Re1xc1 Rb7d7
26.Ba6b5 Rd7d8
27.Bg3c7 Rd8c8
28.Bc7xb6 Nd5xb6
29.h3 Rc8xc1
30.Qd2xc1 Nb6d5
31.Qc1c8 Kf7
32.Qc8d7 Qe7xd7
33.Bb5xd7 Ke7
34.Bd7b5 h6
35.b4 Nd5c3
36.Bb5c4 Kd6
37.Kf1 Nc3a4
38.Ke2 Na4b6
39.Kd3 e5
40.Bc4b3 exd4
41.Nf3xd4 Ke5
42.a4 f5
43.a5 Kf4
44.axb6 Bg7e5
45.Nd4e6 1-0

[Event "Tournoi n27373"]
[Site "www.echecsemail.com"]
[Date "2026.02.09"]
[Round "1"]
[White "Tizi"]
[Black "Gonzok67"]
[WhiteElo "1740"]
[BlackElo "1890"]
[Result "1-0"]
1.d4 Ng8f6
2.Ng1f3 d5
3.c4 e6
4.Nb1c3 Nb8d7
5.e3 c5
6.Bf1e2 Bf8e7
7.O-O O-O
8.h3 a6
9.a4 dxc4
10.Be2xc4 Nd7b6
11.Bc4e2 Be7d6
12.a5 Nb6d5
13.Qd1b3 Qd8c7
14.Be2c4 b5
15.Bc4xd5 c4
16.Nc3xb5 axb5
17.Bd5xc4 bxc4
18.Qb3c2 Ra8xa5
19.Bc1d2 Bc8b7
20.Ra1xa5 Bb7xf3
21.gxf3 Rf8c8
22.f4 Qc7c6
23.Rf1c1 Nf6e4
24.Rc1a1 Ne4xd2
25.Qc2xd2 Rc8b8
26.Qd2c2 Bd6b4
27.Ra5a2 Rb8c8
28.Ra2a4 Rc8b8
29.Ra4xb4 Rb8xb4
30.Qc2c3 Rb4b3
31.Qc3xc4 Qc6b7
32.Qc4xb3 Qb7c8
33.Qb3c4 Qc8b7
34.Qc4b5 Qb7c8
35.Qb5d7 Qc8f8
36.Ra1c1 g6
37.Rc1c8 { abandon }1-0

[Event "Défi"]
[Site "www.echecsemail.com"]
[Date "2026.02.09"]
[Round "1"]
[White "Jmr"]
[Black "Castor"]
[WhiteElo "1540"]
[BlackElo "1360"]
[Result "1-0"]
1.e4 c6
2.d4 d5
3.exd5 cxd5
4.Nb1c3 Ng8f6
5.Ng1f3 g6
6.Bf1b5 Nb8c6
7.Bb5xc6 bxc6
8.O-O Bf8g7
9.Rf1e1 O-O
10.Nc3a4 Qd8d6
11.h3 Bc8f5
12.Na4c5 Rf8b8
13.Nf3e5 Nf6d7
14.Nc5xd7 f6
15.Nd7xb8 Ra8xb8
16.Ne5f3 Bf5d7
17.b3 Rb8e8
18.Bc1b2 Bd7f5
19.c4 Bf5e6
20.c5 Qd6d7
21.a3 Kf7
22.a4 Re8h8
23.Qd1d3 Be6f5
24.Qd3c3 Rh8g8
25.Re1e2 Bf5e4
26.Nf3d2 f5
27.Nd2xe4 dxe4
28.f3 Qd7c7
29.fxe4 f4
30.Ra1d1 Qc7c8
31.Qc3d3 e6
32.d5 Bg7xb2
33.dxe6 Kxe6
34.Re2xb2 Kf6
35.Rb2d2 Qc8c7
36.Qd3d6 Qc7xd6
37.Rd2xd6 Ke5
38.Rd1e1 Rg8c8
39.Rd6d7 Rc8e8
40.Rd7xh7 a6
41.Rh7a7 Re8b8
42.Ra7xa6 Rb8c8
43.Kf2 Rc8f8
44.Ra6xc6 g5
45.Kf3 Kd4
46.e5 Kc3
47.e6 Kxb3
48.e7 Rf8e8
49.Rc6d6 Kxa4
50.Rd6d8 Re8xe7
51.Re1xe7 Kb4
52.Re7e5 Kc4
53.Re5xg5 Kb5
54.Kxf4 Kc6
55.Rg5g6 Kxc5
56.Rg6g7 { abandon }1-0

[Event "Tournoi n27373"]
[Site "www.echecsemail.com"]
[Date "2026.02.09"]
[Round "1"]
[White "Gonzok67"]
[Black "Jyfsk"]
[WhiteElo "1890"]
[BlackElo "1790"]
[Result "1-0"]
1.e4 c5
2.Ng1f3 d6
3.Bf1c4 Ng8f6
4.Nf3g5 e6
5.d3 Bf8e7
6.O-O O-O
7.Nb1c3 Nb8c6
8.a3 a6
9.Ng5f3 b5
10.Bc4a2 Bc8b7
11.Nc3e2 Qd8c7
12.c3 a5
13.Ne2g3 Ra8d8
14.Qd1e1 b4
15.axb4 axb4
16.h3 bxc3
17.bxc3 Rd8a8
18.Bc1e3 Nf6d7
19.Qe1d2 Be7f6
20.Ra1b1 Bb7a6
21.Ng3h5 Rf8d8
22.Be3h6 Bf6xc3
23.Qd2g5 Bc3f6
24.Nh5xf6 Kf8
25.Qg5xg7 Ke7
26.Nf3g5 Nc6e5
27.Nf6xd7 Rd8xd7
28.Ng5xe6 Qc7c8
29.Qg7g5 Ke8
30.Ne6g7 Kf8
31.Qg5f6 Kg8
32.Ng7e8 { abandon }1-0

[Event "Tournoi échelle division 1"]
[Site "www.echecsemail.com"]
[Date "2026.02.09"]
[Round "1"]
[White "Verson"]
[Black "Luc20"]
[WhiteElo "1800"]
[BlackElo "1850"]
[Result "0-1"]
1.d4 d5
2.Ng1f3 Ng8f6
3.e3 c5
4.c3 Bc8g4
5.Bf1d3 c4
6.Bd3e2 e6
7.O-O Bf8e7
8.h3 Bg4h5
9.Nb1d2 Nb8d7
10.e4 Nd7b6
11.e5 Nf6d7
12.Rf1e1 O-O
13.Nd2f1 f5
14.exf6 Nd7xf6
15.Nf3e5 Bh5e8
16.Ne5g4 Nf6e4
17.Be2f3 Be8g6
18.Nf1d2 Ne4g5
19.Ng4e5 Ng5xf3
20.Nd2xf3 Bg6h5
21.Bc1e3 Nb6d7
22.Qd1d2 Nd7xe5
23.Nf3xe5 Be7f6
24.Be3f4 Bh5e8
25.Ne5g4 Bf6h4
26.Re1xe6 Be8d7
27.Re6e5 Bd7xg4
28.hxg4 Qd8d7
29.f3 Qd7f7
30.Bf4g5 Bh4g3
31.Re5e7 Qf7g6
32.Qd2e3 h6
33.Re7e6 Qg6xg5
34.Qe3xg5 hxg5
35.Re6e7 b6
36.Kf1 Rf8e8
37.Re7xe8 Ra8xe8
38.b3 b5
39.bxc4 bxc4
40.Ra1b1 Kf7
41.Kg1 Re8b8
42.Rb1b4 Rb8xb4
43.cxb4 a6
44.Kf1 Ke6
45.Ke2 Kd7
46.Kd2 Kc6
47.Kc3 Bg3e1
48.Kc2 Be1xb4
49.g3 Bb4d6
{ abandon }0-1

[Event "Tournoi n27397"]
[Site "www.echecsemail.com"]
[Date "2026.02.09"]
[Round "1"]
[White "Mokanne"]
[Black "Jeff75019"]
[WhiteElo "1440"]
[BlackElo "1460"]
[Result "1-0"]
1.e4 e5
2.Bf1c4 Ng8f6
3.d3 Bf8c5
4.Bc1g5 d6
5.Bg5h4 Bc8g4
6.f3 Bg4h5
7.g4 Bh5g6
8.g5 Nf6xe4
9.dxe4 O-O
10.Qd1d2 Nb8c6
11.c3 h6
12.Ng1h3 Kh7
13.b4 Bc5b6
14.Kf1 a5
15.b5 Nc6e7
16.gxh6 f6
17.Bh4f2 Bb6xf2
18.Nh3xf2 Bg6h5
19.Bc4e2 Ne7g6
20.hxg7 Kxg7
21.Rh1g1 f5
22.Qd2g5 Qd8xg5
23.Rg1xg5 Rf8h8
24.exf5 Kf6
25.Nb1d2 Kxg5
26.fxg6 Bh5xg6
27.h3 Bg6f5
28.Kg2 a4
29.a3 b6
30.Ra1g1 Kf6
31.Nf2g4 Bf5xg4
32.fxg4 Ke7
33.Rg1f1 Ra8g8
34.c4 Rg8g6
35.Nd2f3 e4
36.Nf3d2 Rg6h6
37.Rf1h1 e3
38.Nd2b1 Kf6
39.Rh1f1 Ke6
40.Rf1f3 Kd7
41.Rf3xe3 c6
42.Nb1c3 Rh8c8
43.g5 Rh6h8
44.Be2g4 Kc7
45.Bg4xc8 Kxc8
46.Nc3xa4 cxb5
47.cxb5 Kc7
48.g6 Rh8g8
49.Re3g3 d5
50.Na4b2 Kd6
51.h4 d4
52.h5 Kd5
53.h6 Rg8e8
54.h7 Re8e2
55.Kh3 Re2xb2
56.h8Q Rb2xb5
57.g7 Rb5a5
58.g8Q Kc5
59.Qg8g5 { abandon }1-0

[Event "Tournoi n27456"]
[Site "www.echecsemail.com"]
[Date "2026.02.09"]
[Round "1"]
[White "Tiounet"]
[Black "Jlr"]
[WhiteElo "1630"]
[BlackElo "1430"]
[Result "1-0"]
1.a3 c5
2.b4 cxb4
3.axb4 e5
4.c3 b5
5.e3 Ng8f6
6.Bf1xb5 a6
7.Bb5f1 d5
8.g3 Bc8b7
9.Bf1g2 Qd8b6
10.Ng1e2 e4
11.O-O Nb8d7
12.Qd1b3 a5
13.b5 Nd7c5
14.Qb3b2 Nc5d3
15.Qb2b3 Bf8c5
16.Ne2d4 a4
17.Ra1xa4 O-O
18.Ra4xa8 Rf8xa8
19.Bc1b2 Nf6g4
20.c4 Bc5b4
21.cxd5 Ra8d8
22.Bg2xe4 Nd3xb2
23.Qb3xb4 Qb6h6
24.h4 Ng4f6
25.Qb4e7 Rd8e8
26.Qe7xb7 Nf6xe4
27.Qb7d7 Kf8
28.Nd4f5 Qh6b6
29.Nb1c3 g6
30.Nc3xe4 gxf5
31.Ne4d6 Re8e7
32.Qd7c8 Kg7
33.Nd6xf5 Kf6
34.Nf5xe7 Kxe7
35.Qc8c6 Qb6d8
36.d6 Qd8xd6
37.Qc6xd6 Kxd6
38.b6 Kc6
39.b7 Kxb7
40.Rf1b1 Kc6
41.Rb1xb2 h5
42.Rb2b4 Kc5
43.Rb4f4 Kd5
44.Rf4xf7 Ke4
45.Kg2 Kd3
46.Rf7d7 Ke2
47.Rd7d4 Kd1
48.f4 Ke2
49.f5 Ke1
50.Kf3 Kf1
51.Rd4a4 Ke1
52.Ra4a2 Kd1
53.d4 Kc1
54.e4 Kb1
55.Ra2h2 { abandon }1-0

[Event "Défi( 10J+24H/c 10J Max )"]
[Site "www.echecsemail.com"]
[Date "2026.02.09"]
[Round "1"]
[White "Skalfa"]
[Black "Tunnellavage"]
[WhiteElo "1810"]
[BlackElo "1730"]
[Result "1-0"]
1.e4 e5
2.Ng1f3 Nb8c6
3.Nb1c3 Ng8f6
4.d3 d6
5.h3 h6
6.Bf1e2 Bf8e7
7.O-O O-O
8.Nf3h2 Nc6d4
9.f4 b6
10.Nh2g4 Bc8b7
11.fxe5 Nd4xe2
12.Nc3xe2 Nf6xg4
13.exd6 Be7xd6
14.hxg4 Qd8h4
15.Ne2f4 Bb7c8
16.Bc1e3 Bc8xg4
17.Qd1d2 g5
18.Nf4h3 Bg4xh3
19.gxh3 Qh4xh3
20.Rf1f2 Kh7
21.Ra1f1 Kg7
22.Qd2c3 f6
23.Be3d4 Bd6e5
24.Bd4xe5 { abandon }1-0

[Event "Eq:Les enfants de l Atlantide-modesty :"]
[Site "www.echecsemail.com"]
[Date "2026.02.09"]
[Round "1"]
[White "Jetjet91330"]
[Black "Tjspret"]
[WhiteElo "2130"]
[BlackElo "1810"]
[Result "1-0"]
1.d4 d5
2.Ng1f3 Nb8c6
3.Bc1f4 Ng8f6
4.e3 g6
5.Nb1c3 Bc8f5
6.Bf1e2 Bf8g7
7.h4 Nf6h5
8.Bf4h2 Nc6b4
9.Ra1c1 O-O
10.Nf3e5 c6
11.g4 Bf5xc2
12.Rc1xc2 Nb4xc2
13.Qd1xc2 Nh5f6
14.g5 Nf6d7
15.f4 Nd7xe5
16.fxe5 e6
17.Bh2f4 b6
18.h5 Ra8c8
19.Be2d3 c5
20.Qc2h2 f5
21.exf6 Bg7h8
22.hxg6 cxd4
23.Qh2xh7 1-0

[Event "Défi"]
[Site "www.echecsemail.com"]
[Date "2026.02.09"]
[Round "1"]
[White "Arno"]
[Black "Den"]
[WhiteElo "1730"]
[BlackElo "1900"]
[Result "0-1"]
1.d4 d5
2.Ng1f3 e6
3.Bc1f4 Ng8f6
4.e3 c5
5.c3 b6
6.Bf1d3 Bf8e7
7.O-O Nf6h5
8.Bf4xb8 Ra8xb8
9.Nf3e5 Nh5f6
10.Nb1d2 Nf6d7
11.f4 O-O
12.Qd1h5 f5
13.g4 Nd7f6
14.g5 Nf6xh5
{ abandon }0-1

[Event "BERNARD MAS"]
[Site "www.echecsemail.com"]
[Date "2026.02.09"]
[Round "1"]
[White "Patau"]
[Black "Pgo"]
[WhiteElo "1670"]
[BlackElo "1750"]
[Result "1/2-1/2"]
1.e4 e5
2.Ng1f3 Nb8c6
3.Nb1c3 Bf8b4
4.Nc3d5 Bb4c5
5.Nf3xe5 Bc5xf2
6.Kxf2 Nc6xe5
7.d4 Ne5g6
8.Bf1d3 c6
9.Nd5f4 Ng6xf4
10.Bc1xf4 Ng8f6
11.Rh1f1 d6
12.Kg1 O-O
13.e5 dxe5
14.Bf4xe5 Rf8e8
15.Be5xf6 gxf6
16.c3 b5
17.Qd1h5 Bc8e6
18.Bd3xh7 Kf8
19.Qh5h6 Ke7
20.Qh6xf6 Kd7
21.Qf6xd8 Ra8xd8
22.Bh7f5 Re8g8
23.Ra1d1 Kc7
24.Bf5xe6 fxe6
25.Rf1f7 Kb6
26.Rf7e7 Rd8d6
27.Rd1e1 Rg8g6
28.Re1f1 a5
29.Rf1f7 c5
30.dxc5 Kxc5
31.Re7a7 Rd6d1
32.Rf7f1 Rd1d2
33.Rf1f2 Rd2d1
34.Rf2f1 { nul }1/2-1/2

[Event "Défi( 10J+24H/c 10J Max )"]
[Site "www.echecsemail.com"]
[Date "2026.02.09"]
[Round "1"]
[White "Wenoketo"]
[Black "Tunnellavage"]
[WhiteElo "1710"]
[BlackElo "1720"]
[Result "1-0"]
1.d4 Ng8f6
2.Ng1f3 d5
3.Bc1f4 Bc8f5
4.h3 h6
5.Nb1d2 Nb8c6
6.e3 a6
7.Nd2b3 e6
8.Bf1e2 Bf8d6
9.Bf4xd6 cxd6
10.O-O O-O
11.Ra1c1 Qd8e7
12.c4 Ra8c8
13.cxd5 exd5
14.Be2d3 Nf6e4
15.Nf3d2 Nc6b4
16.Rc1xc8 Rf8xc8
17.Bd3b1 Qe7g5
18.Kh2 a5
19.a3 Nb4c6
20.Nd2xe4 Bf5xe4
21.Bb1xe4 dxe4
22.Qd1d2 Qg5d5
23.Nb3c1 Nc6e7
24.Nc1e2 Ne7f5
25.Ne2f4 Qd5b5
26.Rf1c1 Rc8e8
27.Rc1c3 b6
28.Qd2c2 Kh7
29.a4 Qb5d7
30.Rc3c7 Qd7d8
31.Nf4d5 Qd8g5
32.Rc7xf7 Nf5h4
33.Nd5f4 { abandon }1-0

[Event "Tournoi n27452"]
[Site "www.echecsemail.com"]
[Date "2026.02.09"]
[Round "1"]
[White "Jlr"]
[Black "Mokanne"]
[WhiteElo "1430"]
[BlackElo "1410"]
[Result "0-1"]
1.e4 e5
2.Ng1f3 d6
3.Nb1c3 Bc8g4
4.Bf1e2 Qd8f6
5.Nc3d5 Qf6d8
6.d3 c6
7.Bc1g5 f6
8.Bg5xf6 gxf6
9.Nd5e3 Ng8h6
10.h3 Bg4e6
11.Nf3h4 Be6f7
12.Qd1d2 Nb8d7
13.g4 Bf7g6
14.Nh4xg6 hxg6
15.Be2f3 Nh6f7
16.Ke2 Bf8h6
17.Qd2b4 Qd8b6
18.Qb4a3 Bh6xe3
19.fxe3 c5
20.Qa3c3 g5
21.b3 Qb6c7
22.b4 b6
23.Qc3c4 a6
24.Rh1c1 b5
25.Qc4d5 Nd7b6
26.Qd5b3 Qc7d7
27.Rc1h1 c4
28.dxc4 Nb6xc4
29.Ra1d1 Ke7
30.a4 Ra8c8
31.a5 Rh8h4
32.Kf2 Rc8h8
33.Kg3 Qd7a7
34.Rd1d5 Nc4xe3
35.Rd5d3 Ne3c4
36.Rh1d1 Rh4xh3
37.Kg2 Rh3h2
38.Kg3 Rh8h3
0-1

[Event "Défi"]
[Site "www.echecsemail.com"]
[Date "2026.02.09"]
[Round "1"]
[White "Petain"]
[Black "Gimick"]
[WhiteElo "1700"]
[BlackElo "1550"]
[Result "1/2-1/2"]
1.e4 e5
2.Ng1f3 Ng8f6
3.Nb1c3 Bf8c5
4.h3 Nb8c6
5.a3 d6
6.Bf1c4 Nc6a5
7.Bc4a2 Qd8e7
8.b4 Bc5xf2
9.Kxf2 Na5c6
10.Rh1e1 Nf6h5
11.d3 h6
12.Nc3d5 Qe7d7
13.Kg1 O-O
14.Nf3h4 Nc6d4
15.c3 Nd4e6
16.Nh4f5 g6
17.Nf5xh6 Kg7
18.Qd1f3 c6
19.Qf3f6 Kh7
20.Qf6f3 cxd5
21.Ba2xd5 Qd7e8
22.Nh6g4 f6
23.Re1f1 Ne6c7
24.Qf3e3 g5
25.h4 Qe8g6
26.hxg5 Nc7xd5
27.Qe3d2 Bc8xg4
28.exd5 fxg5
29.Qd2xg5 Rf8xf1
30.Kxf1 Qg6xd3
31.Kg1 Qd3g6
32.Qg5e7 Kh8
33.Qe7xb7 Qg6g8
34.Bc1e3 a6
35.Qb7e7 Qg8xd5
36.Ra1f1 Ra8g8
37.Rf1f7 Nh5g7
38.Qe7h4 Bg4h5
39.Rf7xg7 Rg8xg7
40.Qh4xh5 Kg8
41.Qh5e8 Kh7
42.Qe8h5 Kg8
43.Qh5e8 Kh7
44.Qe8h5 Kg8
45.Qh5e8 Kh7
46.Qe8h5 Kg8
47.Qh5e8 Kh7
48.Qe8h5 Kg8
49.Qh5e8 Kh7
50.Qe8h5 Kg8
51.Qh5e8 Kh7
52.Qe8h5 Kg8
1/2-1/2

[Event "BERNARD MAS"]
[Site "www.echecsemail.com"]
[Date "2026.02.09"]
[Round "1"]
[White "Legrillon"]
[Black "4x4"]
[WhiteElo "1750"]
[BlackElo "1490"]
[Result "1-0"]
1.e4 e5
2.Ng1f3 d6
3.h3 Nb8c6
4.Bf1b5 Bc8d7
5.a3 f6
6.O-O a6
7.Bb5xc6 Bd7xc6
8.d3 Qd8d7
9.a4 Ng8e7
10.b3 O-O-O
11.c4 b6
12.b4 Ne7g6
13.b5 Bc6b7
14.Nb1c3 a5
15.Nc3d5 Bb7xd5
16.cxd5 c5
17.bxc6 Qd7c7
18.Bc1e3 h6
19.Ra1b1 Ng6e7
20.Be3xb6 Qc7b8
21.Bb6xd8 Qb8a7
22.Bd8b6 Qa7b8
23.Bb6xa5 Qb8a7
24.Rb1b5 Ne7g8
25.Qd1b3 Ng8e7
26.c7 g5
27.Rb5b8 Kd7
28.Qb3b5 Ne7c6
29.c8Q Ke7
30.Qc8e6 1-0

[Event "Tournoi n27436"]
[Site "www.echecsemail.com"]
[Date "2026.02.09"]
[Round "1"]
[White "Odemevol"]
[Black "Nicadria22"]
[WhiteElo "1950"]
[BlackElo "1910"]
[Result "0-1"]
1.d4 Ng8f6
2.c4 e6
3.Ng1f3 b6
4.g3 Bc8a6
5.e3 c5
6.Qd1c2 d5
7.b3 cxd4
8.exd4 h6
9.Nb1d2 Nb8d7
10.Bc1b2 Ra8c8
11.Ra1c1 Qd8c7
12.Bf1g2 Bf8d6
13.O-O O-O
14.Rf1e1 Rf8e8
15.Nf3e5 Ba6b7
16.Ne5xd7 Qc7xd7
17.Qc2b1 a5
18.Qb1d3 Bb7a6
19.Qd3f3 Ba6b7
20.Qf3d1 Re8e7
21.Nd2f3 Rc8e8
22.Nf3e5 Qd7d8
23.cxd5 exd5
24.Qd1d2 b5
25.a3 b4
26.axb4 axb4
27.Ne5d3 Nf6e4
28.Bg2xe4 dxe4
29.Nd3xb4 Qd8b6
30.Bb2c3 Re8d8
31.d5 f5
32.Kg2 Bd6xb4
33.Bc3xb4 Rd8xd5
34.Qd2c3 Re7d7
35.Bb4c5 Qb6g6
36.b4 Rd5d3
37.Qc3c4 Bb7d5
38.Qc4b5 e3
39.f3 Bd5xf3
40.Kxf3 Qg6g4
41.Kg2 Rd3d2
42.Kg1 Qg4f3
43.Qb5f1 Rd2f2
{ abandon }0-1

[Event "Défi( 10J+24H/c 10J Max )"]
[Site "www.echecsemail.com"]
[Date "2026.02.09"]
[Round "1"]
[White "Titit1"]
[Black "Tiounet"]
[WhiteElo "1430"]
[BlackElo "1610"]
[Result "0-1"]
1.Ng1f3 b5
2.d4 Bc8b7
3.e4 Bb7xe4
4.Nf3g5 Be4b7
5.Qd1h5 g6
6.Qh5g4 Ng8f6
7.Qg4e2 a6
8.Nb1c3 b4
9.Nc3e4 Nf6xe4
10.Ng5xe4 Bf8g7
11.Bc1e3 Bb7xe4
12.O-O-O O-O
13.Qe2c4 a5
14.f3 Be4b7
15.Bf1d3 Bb7a6
16.Qc4b3 Ba6xd3
17.Rd1xd3 d5
18.c3 e6
19.cxb4 axb4
20.Rd3d1 Nb8c6
21.Kd2 Ra8a7
22.Rd1a1 Ra7b7
23.Rh1c1 Nc6a5
24.Qb3d3 Na5c4
25.Kc2 c5
26.Kd1 Nc4xe3
27.Qd3xe3 Bg7xd4
28.Qe3e2 c4
29.Ra1b1 b3
30.a3 Qd8b6
31.Ke1 Qb6c7
32.Rc1d1 Bd4e5
33.Kf1 Be5xh2
34.g4 Qc7g3
35.Qe2f2 Qg3xf2
36.Kxf2 f5
37.Kg2 Bh2f4
38.Rb1a1 fxg4
39.fxg4 Bf4e5
40.Rd1b1 Be5d4
41.a4 Rf8f2
42.Kg3 Rf2xb2
43.Rb1xb2 Bd4xb2
44.Ra1f1 c3
45.Rf1f6 Rb7b6
46.Rf6f4 c2
47.Rf4f1 c1Q
48.Rf1xc1 Bb2xc1
49.Kf3 b2
50.Ke2 b1Q
51.Kf3 Qb1b3
52.Ke2 Qb3h3
53.Kd1 Bc1a3
54.Kc2 Rb6b2
55.Kc1 Qh3h1
0-1

[Event "Tournoi n27423"]
[Site "www.echecsemail.com"]
[Date "2026.02.09"]
[Round "1"]
[White "Nicadria22"]
[Black "Verson"]
[WhiteElo "1900"]
[BlackElo "1810"]
[Result "1-0"]
1.e4 e6
2.d4 d5
3.e5 c5
4.c3 Nb8c6
5.Ng1f3 Ng8e7
6.Bf1d3 Qd8b6
7.b3 cxd4
8.cxd4 Ne7g6
9.a3 Bf8e7
10.b4 O-O
11.Bc1e3 Bc8d7
12.O-O f5
13.Nb1c3 Ra8c8
14.b5 Nc6a5
15.Ra1c1 Na5c4
16.a4 Nc4b2
17.Qd1c2 Nb2xd3
18.Qc2xd3 Rc8c4
19.Nf3d2 Rf8c8
20.Nd2xc4 Rc8xc4
21.Rc1c2 Be7b4
22.Rf1c1 a6
23.Nc3xd5 exd5
24.Rc2xc4 dxc4
25.Qd3xc4 Kh8
26.Qc4xb4 h6
27.d5 Qb6d8
28.e6 Bd7e8
29.d6 axb5
30.axb5 Ng6e5
31.Rc1c7 Qd8a8
32.Be3d4 Ne5d3
33.Qb4b3 Nd3f4
34.Bd4xg7 { abandon }1-0

[Event "Défi"]
[Site "www.echecsemail.com"]
[Date "2026.02.09"]
[Round "1"]
[White "Tian"]
[Black "Roger72"]
[WhiteElo "1300"]
[BlackElo "1320"]
[Result "1-0"]
1.d4 d5
2.Nb1c3 Ng8f6
3.Bc1g5 Bc8f5
4.Bg5xf6 gxf6
5.Ng1f3 Nb8c6
6.a3 Bf8h6
7.e3 Qd8d7
8.h3 Bh6g7
9.Bf1b5 O-O-O
10.a4 Qd7d6
11.Bb5xc6 Qd6xc6
12.g4 Bf5g6
13.h4 h5
14.Rh1g1 Bg6h7
15.gxh5 Bg7h6
16.Nc3b5 Kb8
17.c3 f5
18.Nf3e5 Qc6e8
19.f4 c6
20.Nb5a3 f6
21.Ne5d3 e5
22.dxe5 fxe5
23.Nd3xe5 Bh7g8
24.b4 { abandon }1-0

[Event "Jean 8"]
[Site "www.echecsemail.com"]
[Date "2026.02.09"]
[Round "1"]
[White "Pgo"]
[Black "Petitlulu64"]
[WhiteElo "1760"]
[BlackElo "1720"]
[Result "0-1"]
1.e4 e5
2.Ng1f3 Nb8c6
3.Bf1b5 Qd8f6
4.Bb5xc6 dxc6
5.d3 Bf8c5
6.Bc1g5 Qf6g6
7.O-O Bc5e7
8.Bg5xe7 Ng8xe7
9.Nb1c3 O-O
10.Kh1 f6
11.h3 f5
12.Nf3h4 Qg6h6
13.Nh4xf5 Ne7xf5
14.exf5 Bc8xf5
15.Qd1f3 Bf5e6
16.Qf3e3 Qh6g6
17.Qe3xe5 Be6xh3
18.gxh3 Qg6f7
19.Qe5g3 b5
20.b3 b4
21.Nc3e4 Qf7d5
22.Rf1g1 Rf8f7
23.f3 Qd5d4
24.Ra1e1 Qd4b2
25.c3 bxc3
26.Ne4f6 Kh8
27.Nf6e4 c2
28.Ne4g5 Rf7d7
29.Qg3g4 Rd7xd3
30.Ng5f7 Kg8
31.Nf7h6 Kh8
32.Nh6f5 Rd3d2
33.Re1c1 Ra8e8
34.Nf5e7 Qb2e5
35.Ne7xc6 Qe5h2
0-1

[Event "Défi"]
[Site "www.echecsemail.com"]
[Date "2026.02.09"]
[Round "1"]
[White "Arzbro"]
[Black "Gambitor"]
[WhiteElo "1540"]
[BlackElo "1530"]
[Result "0-1"]
1.d4 Ng8f6
2.Ng1f3 g6
3.Nb1c3 Bf8g7
4.g3 O-O
5.Bf1g2 d5
6.O-O Nb8c6
7.e3 Bc8g4
8.a3 a6
9.h3 Bg4d7
10.b4 b5
11.Nc3e2 a5
12.c3 axb4
13.cxb4 Nc6xb4
14.Bc1d2 Nb4c6
15.Qd1b3 Nc6a5
16.Bd2xa5 Ra8xa5
17.Ne2c3 Bd7f5
18.Nf3e5 Qd8a8
19.Nc3xb5 c6
20.Nb5c3 Nf6e8
21.Ne5f3 Ne8d6
22.a4 Bf5d3
23.Rf1e1 Bd3c4
24.Qb3b2 Rf8b8
25.Qb2d2 Nd6e4
26.Nc3xe4 dxe4
27.Nf3e5 Ra5xa4
28.Ra1xa4 Qa8xa4
29.Bg2xe4 Bc4b5
30.Ne5d7 Rb8a8
31.Nd7b6 Qa4a2
32.Nb6xa8 Qa2xd2
33.Re1b1 Qd2a5
{ abandon }0-1

[Event "Coupe Niveau 10"]
[Site "www.echecsemail.com"]
[Date "2026.02.09"]
[Round "1"]
[White "64uiop"]
[Black "Letyjo"]
[WhiteElo "2570"]
[BlackElo "2770"]
[Result "1/2-1/2"]
1.e4 c5
2.Ng1f3 d6
3.c3 Ng8f6
4.Bf1e2 e5
5.O-O Bf8e7
6.Be2b5 Bc8d7
7.Bb5xd7 Qd8xd7
8.d4 Nf6xe4
9.dxe5 dxe5
10.Nf3xe5 Qd7xd1
11.Rf1xd1 Ne4d6
12.Nb1d2 O-O
13.Nd2c4 Nd6xc4
14.Ne5xc4 Nb8c6
15.Bc1f4 Ra8d8
16.Nc4e3 f6
17.Bf4c7 Rd8xd1
18.Ra1xd1 Kf7
19.g4 { nul }1/2-1/2

[Event "Défi"]
[Site "www.echecsemail.com"]
[Date "2026.02.09"]
[Round "1"]
[White "Payne42"]
[Black "Chomi64"]
[WhiteElo "1770"]
[BlackElo "1830"]
[Result "0-1"]
1.d4 e5
2.dxe5 Nb8c6
3.Ng1f3 Qd8e7
4.Bc1f4 Qe7b4
5.Bf4d2 Qb4xb2
6.Nb1c3 Bf8b4
7.Ra1b1 Qb2a3
8.Nc3b5 Bb4xd2
9.Nf3xd2 Qa3a5
10.c4 a6
11.Nb5xc7 Qa5xc7
12.Nd2f3 Nc6xe5
13.Qd1d5 Ne5xc4
14.Rb1c1 Qc7a5
15.Qd5xa5 Nc4xa5
16.e3 d6
17.Bf1e2 Bc8e6
18.O-O Na5c6
19.a3 Ng8f6
20.Rf1d1 Ke7
21.h3 h6
22.Nf3d4 Nc6xd4
23.Rd1xd4 Ra8c8
24.Rc1d1 Rh8d8
25.Be2f3 Rc8c7
26.e4 Rc7d7
27.Rd1b1 Rd8c8
28.Rd4b4 Rc8c7
29.Kh2 Nf6e8
30.Bf3e2 Ne8f6
31.f3 g5
32.a4 d5
33.e5 Nf6e8
34.g3 f6
35.exf6 Ne8xf6
36.Kg2 Nf6e8
37.Be2d3 Ne8d6
38.Bd3g6 Be6f5
39.Bg6h5 Bf5xb1
40.Rb4xb1 Rc7c2
41.Kf1 Rd7c7
42.f4 Rc2c1
43.Rb1xc1 Rc7xc1
44.Ke2 Rc1a1
45.Ke3 Nd6f5
46.Kf3 Ra1a3
47.Kf2 Nf5xg3
48.Bh5g4 Ng3e4
49.Ke2 gxf4
50.Bg4c8 Ne4c5
51.Kd2 Ra3xa4
52.Kc3 Ra4c4
53.Kd2 Nc5e4
54.Kd3 Rc4xc8
{ abandon }0-1

[Event "Défi"]
[Site "www.echecsemail.com"]
[Date "2026.02.09"]
[Round "1"]
[White "Roger72"]
[Black "Whisky"]
[WhiteElo "1330"]
[BlackElo "1330"]
[Result "0-1"]
1.e4 d5
2.e5 e6
3.d4 f6
4.Nb1c3 Bf8b4
5.Bc1d2 fxe5
6.Bf1b5 c6
7.Bb5e2 exd4
8.Nc3a4 a5
9.Ng1f3 b5
10.c3 Bb4d6
11.cxd4 Ng8f6
12.Na4c5 Bd6xc5
13.dxc5 Nb8a6
14.O-O Na6xc5
15.Ra1c1 O-O
16.Rc1xc5 Bc8b7
17.Bd2g5 Qd8d6
{ abandon }0-1

[Event "Défi( 10J+24H/c 10J Max )"]
[Site "www.echecsemail.com"]
[Date "2026.02.09"]
[Round "1"]
[White "Ziviol"]
[Black "4x4"]
[WhiteElo "1410"]
[BlackElo "1460"]
[Result "1-0"]
1.e4 e5
2.Ng1f3 d6
3.d4 Bc8g4
4.h3 Bg4xf3
5.Qd1xf3 Nb8d7
6.Bf1c4 Ng8f6
7.Bc1g5 exd4
8.O-O c5
9.Rf1e1 Bf8e7
10.Nb1a3 Nd7e5
11.Bc4b5 Kf8
12.Qf3g3 a6
13.Bb5a4 h6
14.Bg5f4 g5
15.Bf4xe5 dxe5
16.Qg3xe5 b5
17.Ba4b3 Ra8c8
18.c3 Be7d6
19.Qe5f5 Bd6e7
20.Re1d1 Kg7
21.h4 d3
22.hxg5 c4
23.Bb3xc4 bxc4
24.gxf6 Be7xf6
25.e5 Qd8e7
26.exf6 Qe7xf6
27.Qf5g4 Qf6g6
28.Qg4d4 Kh7
29.Na3xc4 Rh8d8
30.Qd4h4 Qg6g5
31.Qh4e4 Qg5g6
32.Qe4xg6 fxg6
33.Nc4e5 d2
34.Ne5f3 h5
35.Nf3g5 Kg8
36.Ng5e6 Rd8d3
37.Ne6f4 Rd3d6
38.Nf4e2 Rc8e8
39.Ne2g3 Re8e1
40.Rd1xe1 dxe1Q
41.Ra1xe1 Rd6d2
42.Ng3e4 Rd2xb2
43.Ne4f6 Kf7
44.Nf6e4 Rb2xa2
45.Ne4d6 Kf6
46.Nd6e4 Kf5
47.Ne4d6 Kf6
48.Nd6e4 Kf5
49.Ne4d6 Kg5
50.Nd6f7 Kf6
51.Nf7e5 Kf5
52.Ne5f3 Ra2c2
53.Nf3d4 Kf4
54.Nd4e6 Kf5
55.Ne6d4 Kf4
56.g3 Kg4
57.Re1e4 Kh3
58.Nd4xc2 a5
59.Re4h4 1-0